Money Matters Your First Job How to Manage Your Finances/ (Record no. 172205)

MARC details
000 -LEADER
fixed length control field 00540nam a2200169 4500
005 - DATE AND TIME OF LATEST TRANSACTION
control field 20200129113135.0
010 ## - LCCN (DPL NO)
LC control number ENG-127609
020 ## - INTERNATIONAL STANDARD BOOK NUMBER
International Standard Book Number 9789384061
Terms of availability 225.00
035 ## - SYSTEM CONTROL NUMBER
System control number EN-111141
037 ## - SOURCE OF ACQUISITION
Source of stock number/acquisition DBAD/PUB
082 ## - DEWEY DECIMAL CLASSIFICATION NUMBER
Classification number 332.024
245 ## - TITLE STATEMENT
Title Money Matters Your First Job How to Manage Your Finances/
260 ## - PUBLICATION, DISTRIBUTION, ETC. (IMPRINT)
Place of publication, distribution, etc Mumbai
Name of publisher, distributor, etc Bestsellers18
Date of publication, distribution, etc 2016
270 ## - ADDRESS
Address 122,shah &nahar ind.Estate(A-2) DHANRAJ mills compound s.j marg lower parel
City Mumbai
Postal code 400013
300 ## - PHYSICAL DESCRIPTION
Extent 161p.
Dimensions 18cm(Hb)
942 ## - ADDED ENTRY ELEMENTS (KOHA)
Source of classification or shelving scheme Dewey Decimal Classification
Item type English Books
Classification part 332.024
Call number suffix MON
Holdings
Withdrawn status Lost status Not for loan Collection code Home library Current library Date acquired Source of acquisition Cost, normal purchase price Full call number Barcode Copy number Cost, replacement price Koha item type
    Not For Loan Non-fiction D.B.Act.Division D.B.Act.Division 29/01/2020 DBAD/PUB 225.00 332.024 MON EN-111141 1 225.00 English Books

© Delhi Public Library
Hit Counter
free hit counter